000
00385nam a22001697a 4500
003
MPLRDC
005
20220104123631.0
008
210129b ||||| |||| 00| 0 eng d
082
_a
857.7 CJ-2
100
_a
陈娟
245
_a
江湖一奇
_c
250
_a
初版
260
_a
_b
香港上海书局
_c
1987
300
_b
平
650
_a
长篇小说
942
_c
BK
_o
857.7 CJ-2
999
_c
12959
_d
12949